Регионална библиотека "Любен Каравелов" - Русе

Черна (Запис номер 402712)

MARC детайли
000 -Лидер
Контролно поле с фиксирана дължина nam a22 a 4500
003 - Код на организацията, давaща контролен номер
Контролно поле BLK
005 - Дата и час на последна редакция
Контролно поле 20210329082619.0
008 - Елементи от данни с фиксирана дължина
fixed length control field 210325b bu |||||r|||| 00| | bu d
040 ## - Източник на каталожния запис
Идентификатор на билиотеката - собственик на записа BLK
041 ## - Код за език
Код за езика на текст/звукозапис или на отделно заглавие Български
Код за езика КДБФ Български
080 ## - УДК
Текстов определител УДК История на войните. Военни кампании. Битки. Военни подвизи
УДК код - определител по УДК 355.48
УДК - код + определител 355.48
080 ## - УДК
Текстов определител УДК България през Първата световна война (1914-1918)
УДК код - определител по УДК 94(497.2)"1914/1918"
УДК - код + определител 94(497.2)"1914/1918"
139 ## - Редно поле
Редна дума Черна
245 ## - Сведения за заглавието
Заглавие Черна
Подзаглавни данни Илюстр. сборник : Статии, стихове, кореспонденции, мнения, разкази, епизоди и воин. преценки за боевете в завоя на Черна през 1915-1917 г. с мнението - автограф на главнокомандуващия действуващата армия генерал-лейтенант Жеков за тия боеве
Редно поле (дума) материалът е събран и нареден от Димитър Димитров Стойчев
257 ## - Страна на издаване
Страна на създаване/издаване България
260 ## - Област на издателските данни
9 (RLIN) 444528
Място на издаване, разпространение и проч. София
Име на издателя, разпространителя и проч. в. Воен. известия
Година на издаване 1917
300 ## - Физическа характеристика
Страници 80 с.
Илюстрации и др. с ил., портр., факс, 1 л. : к.
Размери/Мащаб 20 см
380 ## - Жанр
Жанр Обществени науки
500 ## - Общи забележки
Забележка Кор. загл. Сборник Черна 1915-1917. - Изд. на в. Военни известия в полза на фонда за издигане памятник в София за героите при Черна.
650 #0 - Допълнително описание по предмет – тема
9 (RLIN) 241785
Основно описание – тема или топоним България - военна история
650 #0 - Допълнително описание по предмет – тема
9 (RLIN) 254389
Основно описание – тема или топоним Първа световна война - участие на България
653 #7 - Ключова дума – ненормативна
9 (RLIN) 182078
Ключова дума битки
700 ## - Други автори (авторска отговорност)
9 (RLIN) 1450
Лично име Стойчев, Димитър Димитров
Автороска отговорност (Описва отношението между автора и произведението) събр. и наредил
852 ## - Местоположение
Форматна сигнатура Цб 3.200.49221
999 ## - СИСТЕМНИ КОНТРОЛНИ НОМЕРА
Koha biblionumber 402712
Koha biblioitemnumber 402712
942 ## - АРТИКУЛИ
Вид на библиотечния материал Книги
Скрит в OPAC Не
Периодичен библиозапис Да
999 ## - СИСТЕМНИ КОНТРОЛНИ НОМЕРА
Koha biblioitemnumber 402712
Наличности
Код за отписване Код за изгубен артикул Източник на класификационната схема Код за повреда Коз за рестрикции Код за отдаване Артикулен № Име на библиотеката - собственик Име на библиотеката, в която се намира в момента Статус (Текущо местоположение) Дата на вписване в системата Местоположение - отдел Цена в лева Инвентарен номер Систематично азбучна сигнатура Баркод Цена в евро Служебен тип на артикула
  Не е изгубен Universal Decimal Classification Не е повреден само за читалня ползва се в читалня 819661 Регионална библиотека "Любен Каравелов" Русе Регионална библиотека "Любен Каравелов" Русе Хранилище 2021-04-06 Основен фонд - ползва се само за читалня 0.16 11603/58 Цб 3.200.49221 900000043707 0.08 Книги
Vip Innovations Ltd, Rousse, Bulgaria 2025